Nghiên cứu khả năng nhân nhanh chồi in vitro cây trúc đen lá sọc (Sinobambusa tootsik albostriata)
Ảnh hưởng của loại chất khử trùng HgCl¬2, Ca(OCl)2 và thời gian khử trùng mẫu trúc đen lá sọc. Khảo sát ảnh hưởng về thành phần và nồng độ của các chất ĐHST đến khả năng tái sinh chồi in vitro. Khảo sát ảnh hưởng về thành phần và nồng độ của các chất ĐHST đến khả năng nhân nhanh chồi in vitro....
में बचाया:
| मुख्य लेखक: | |
|---|---|
| अन्य लेखक: | |
| स्वरूप: | पुस्तक |
| भाषा: | Vietnamese |
| प्रकाशित: |
Đà Nẵng
Đại học Sư phạm, Đại học Đà Nẵng
2013
|
| विषय: | |
| टैग : |
टैग जोड़ें
कोई टैग नहीं, इस रिकॉर्ड को टैग करने वाले पहले व्यक्ति बनें!
|
| Thư viện lưu trữ: | Mạng thư viện Đại học Đà Nẵng |
|---|
| LEADER | 02064nam a2200397 4500 | ||
|---|---|---|---|
| 001 | 000018472 | ||
| 003 | 14904 | ||
| 005 | 20131115161132.0 | ||
| 008 | 131112s2013 viesd | ||
| 041 | |a vie | ||
| 082 | 1 | 4 | |a 631.533 |b LÊ-T |
| 100 | 1 | |a Lê Thị Thoa | |
| 245 | 1 | |a Nghiên cứu khả năng nhân nhanh chồi in vitro cây trúc đen lá sọc (Sinobambusa tootsik albostriata) |c Lê Thị Thoa ; Võ Châu Tuấn hướng dẫn |k Khóa luận tốt nghiệp | |
| 260 | |a Đà Nẵng |b Đại học Sư phạm, Đại học Đà Nẵng |c 2013 | ||
| 300 | |a 39 tr. |b mh. |c 29 cm. |e Bản tóm tắt | ||
| 500 | |a Khóa luận tốt nghiệp đại học. Chuyên ngành: Sư phạm Sinh | ||
| 504 | |a Mục lục đầu trang, tài liệu tham khảo tr. 73 - 74, phụ lục [13 tr.] | ||
| 520 | |a Ảnh hưởng của loại chất khử trùng HgCl¬2, Ca(OCl)2 và thời gian khử trùng mẫu trúc đen lá sọc. Khảo sát ảnh hưởng về thành phần và nồng độ của các chất ĐHST đến khả năng tái sinh chồi in vitro. Khảo sát ảnh hưởng về thành phần và nồng độ của các chất ĐHST đến khả năng nhân nhanh chồi in vitro. | ||
| 600 | 1 | 4 | |b Vua |c Đinh Tiên Hoàng |
| 650 | 0 | 4 | |a Cây trúc đen lá sọc |v Khóa luận tốt nghiệp |x Nghiên cứu |
| 653 | |a Cây trúc đen lá sọc | ||
| 653 | |a Nhân giống in vitro | ||
| 653 | |a Khoa Sinh môi trường | ||
| 653 | |a Nhân giống từ chồi | ||
| 653 | |a Sinobambusa tootsik albostriata | ||
| 700 | 1 | |a Võ Châu Tuấn |e Hướng dẫn | |
| OWN | |a LSP | ||
| AVA | |a UDN50 |b LSP |d 631.533 LÊ-T |e available |t Error 5001 Not defined in file expand_doc_bib_avail. |f 1 |g 0 |h N |i 0 |k 1 | ||
| 999 | |a From the UDN01 | ||
| AVA | |a UDN50 |b LSP |d 631.533 LÊ-T |e available |t Error 5001 Not defined in file expand_doc_bib_avail. |f 1 |g 0 |h N |i 0 |k 1 | ||
| TYP | |a Monograph | ||
| TYP | |a Printed language | ||
| 980 | |a Mạng thư viện Đại học Đà Nẵng | ||